Most Viewed 10 MV From Each K-Pop Group - Statistics

General Stats
  • This quiz has been taken 447 times
    243 since last reset
  • The average score is 80 of 317
Answer Stats
Answer % Correct
A
93%
Dynamite
90%
Butter
88%
BOOM
81%
BOY
79%
SUPER
79%
Kill This Love
78%
Pink Venom
78%
Ice Cream
74%
BOOMBAYAH
71%
Boy With Luv
71%
Psycho
69%
Super Shy
69%
DDU-DU DDU-DU
67%
How You Like That
67%
TT
67%
God's Menu
64%
Love Shot
64%
Drama
62%
I AM
62%
OMG
62%
What is love?
62%
Black Mamba
60%
WHISTLE
60%
BANG BANG BANG
59%
Whiplash
59%
Armageddon
57%
AS IF IT'S YOUR LAST
57%
Supernova
57%
Bite Me
55%
Ditto
55%
DNA
55%
HOT
55%
LALALALA
55%
PLAYING WITH FIRE
55%
Bad Boy
53%
FANCY
53%
Hype Boy
53%
IDOL
53%
MANIAC
53%
Lovesick Girls
52%
Next Level
52%
Queencard
52%
The Feels
52%
WANNABE
52%
ANTIFRAGILE
50%
BLUE
50%
O.O
50%
SNEAKERS
50%
Blood Sweat & Tears
48%
Cookie
48%
ETA
48%
FANTASTIC BABY
48%
Girls
48%
LOVE DIVE
48%
FEARLESS
47%
Savage
47%
UNFORGIVEN
47%
DALLA DALLA
45%
Dumb Dumb
45%
FAKE LOVE
45%
FIRE
45%
LIKE OOH-AHH
45%
Not Shy
45%
Russian Roulette
45%
After Like
43%
CASE 143
43%
CHEER UP
43%
CRAZY
43%
ELEVEN
43%
LOCO
43%
S-Class
43%
TOMBOY
43%
Back Door
41%
DICE
41%
Happiness
41%
I AM THE BEST
41%
ICY
41%
MIC DROP
41%
Nxde
41%
Spicy
41%
ASAP
40%
Chk Chk Boom
40%
Feel Special
40%
HIP
40%
LATATA
40%
LIKEY
40%
Ice Cream Cake
38%
MAFIA In The Morning
38%
Peek-A-Boo
38%
Red Flavor
38%
Smart
38%
CAKE
36%
Drunk-Dazed
36%
Thunderous
36%
Baddie
34%
Bubble
34%
EASY
34%
FEVER
34%
Gee
34%
LION
34%
VERY NICE
34%
DOPE
33%
Love Me Like This
33%
Monster
33%
Queendom
33%
Supernatural
33%
BOUNCY
31%
Kitsch
31%
La Vie en Rose
31%
SPAGHETTI
31%
Teddy Bear
31%
Bubble Gum
29%
How Sweet
29%
REBEL HEART
29%
Dreams Come True
28%
HANN (Alone)
28%
I CAN'T STOP ME
28%
MAESTRO
28%
Secret Story of the Swan
28%
Super Lady
28%
Cheshire
26%
CROWN
26%
DASH
26%
Deja Vu
26%
FIESTA
26%
Heart Shaker
26%
HEYA
26%
LOSER
26%
MIROH
26%
Save ME
26%
DUN DUN
24%
Genie
24%
Growl
24%
HWAA
24%
Oh!
24%
Tempo
24%
Wolf
24%
AYA
22%
Cherry Bomb
22%
Given-Taken
22%
Hurt
22%
Ko Ko Bop
22%
Obsession
22%
Panorama
22%
Perfect Night
22%
See That?
22%
Sticker
22%
ATTITUDE
21%
Blue Hour
21%
Hot Sauce
21%
JIKJIN
21%
Just Right
21%
LILAC
21%
PARTY
21%
Party O'Clock
21%
Sonar (Breaker)
21%
XOXO
21%
Young, Dumb, Stupid
21%
Kick It
19%
Pirate
19%
Roller Coaster
19%
Sugar Rush Ride
19%
Violeta
19%
Baggy Jeans
17%
BOSS
17%
Lotto
17%
Off The Record
17%
Oh my god
17%
RUN2U
17%
The Boys
17%
WONDERLAND
17%
Allergy
16%
CALL ME BABY
16%
Cat & Dog
16%
Christmas EveL
16%
Eve, Psyche & The Bluebeard's Wife
16%
Fact Check
16%
Make A Wish (Birthday Song)
16%
Power Up
16%
Starry Night
16%
Sweet Venom
16%
Tamed-Dashed
16%
WORK
16%
Adios
14%
BIRTHDAY
14%
BOCA
14%
COME BACK HOME
14%
Favorite (Vampire)
14%
Good Boy Gone Bad
14%
Ice On My Teeth
14%
I LOVE YOU
14%
Left & Right
14%
Overdose
14%
STEREOTYPE
14%
BEAUTIFUL
12%
Blessed-Cursed
12%
Bon Bon Chocolat
12%
Crazy Form
12%
Gashina
12%
HELLO
12%
INCEPTION
12%
Rock with you
12%
SOBER
12%
BBIBBI
10%
Candy
10%
Chewing Gum
10%
Egotistic
10%
FIRST
10%
If You Do
10%
I GOT A BOY
10%
KING KONG
10%
Limitless
10%
Run Away
10%
Say My Name
10%
SO BAD
10%
Suki to Iwasetai
10%
ZOMBIE
10%
2 Baddies
9%
90's Love
9%
Baby Don't Stop
9%
BEAUTIFUL MONSTER
9%
Beware
9%
Buenos Aires
9%
Celebrity
9%
Fast Forward
9%
Girls Girls Girls
9%
Good Day
9%
Hard Carry
9%
LA DI DA
9%
LONELY
9%
No Doubt
9%
Simon Says
9%
You Calling My Name
9%
Beatbox
7%
Blueming
7%
BONA BONA
7%
BORN TO BE
7%
Chasing That Feeling
7%
Cheeky Icy Thang
7%
eight
7%
God of Music
7%
GPT
7%
Hello Future
7%
Lullaby
7%
MAISON
7%
MMM
7%
MY TREASURE
7%
OOTD
7%
Regular
7%
Scream
7%
SLAY
7%
Vampire
7%
0X1=LOVESONG (I Know I Love You)
5%
BAE BAE
5%
FXXK IT
5%
Glitch Mode
5%
gogobebe
5%
HOME ;RUN
5%
ILLELLA
5%
ISTJ
5%
JUSTICE
5%
Lion Heart
5%
Mr. Mr.
5%
Never Ever
5%
Odd Eye
5%
Ready to love
5%
The 7th Sense
5%
UGLY
5%
Universe (Let's Play Ball)
5%
WAVE
5%
We Go Up
5%
You can't sit with us
5%
Back For More
3%
BEcause
3%
BONVOYAGE
3%
Dingga
3%
Heroine
3%
LAST DANCE
3%
Ridin'
3%
Run Devil Run
3%
TOUCH
3%
What You Waiting For
3%
_WORLD
3%
XO (Only If You Say Yes)
3%
Answer
2%
Friday
2%
From Home
2%
GO AWAY
2%
Gold Gold Gold
2%
GOTTA BE YOU
2%
Let Me In (20 CUBE)
2%
LET'S NOT FALL IN LOVE
2%
LO$ER=LOVER
2%
Look
2%
Palette
2%
REASON
2%
TAIL
2%
Wind Flower
2%
Anymore
0%
Catch Me If You Can
0%
FALLING IN LOVE
0%
Gleam
0%
Heart Burn
0%
LALALAY
0%
LAST NIGHT
0%
MISSING U
0%
Noir
0%
pporapippam
0%
Siren
0%
STRANGER
0%
Through the Night
0%
Twenty-three
0%
WANNA BE MYSELF
0%
Without You
0%
Work It
0%
You Are
0%
No matching quizzes found
Score Distribution
Percent of People with Each Score
Percentile by Number Answered
Your Score History
You have not taken this quiz since the last reset